সত্যের সন্ধান/ (Record no. 17995)

MARC details
000 -LEADER
fixed length control field 00784nam a22001937a 4500
003 - CONTROL NUMBER IDENTIFIER
control field BDDh-ASL
005 - DATE AND TIME OF LATEST TRANSACTION
control field 20231015025652.0
008 - FIXED-LENGTH DATA ELEMENTS--GENERAL INFORMATION
fixed length control field 200916b1968 ||||| |||| 00| 0 d
040 ## - CATALOGING SOURCE
Original cataloging agency BDDh-ASL
Transcribing agency BDDh-ASL
Modifying agency BDDh-ASL
041 ## - LANGUAGE CODE
Language code of text/sound track or separate title bengali
082 ## - DEWEY DECIMAL CLASSIFICATION NUMBER
Classification number 297.4
Item number CHS
245 #0 - TITLE STATEMENT
Title সত্যের সন্ধান/
Statement of responsibility, etc. আল-গাযযালী; আনিস চৌধুরী (অনু.)।
246 ## - VARYING FORM OF TITLE
Title proper/short title Sattyer Sandhane.
260 ## - PUBLICATION, DISTRIBUTION, ETC.
Name of publisher, distributor, etc. ২৯৭.৪
Date of publication, distribution, etc. সত্যের
300 ## - PHYSICAL DESCRIPTION
Extent ৬৬ পৃষ্ঠা:
Dimensions ২১ সে. মি.।
650 #0 - SUBJECT ADDED ENTRY--TOPICAL TERM
Topical term or geographic name entry element ইসলাম ধর্ম , Isalāma dharma, Islam, Religion, Mohammedism, Mohammadan, Mohammedan, Muhammadan, Islamic Relition, Peace
9 (RLIN) 747
700 #0 - ADDED ENTRY--PERSONAL NAME
9 (RLIN) 834
Personal name চৌধুরী, আনিস
942 ## - ADDED ENTRY ELEMENTS (KOHA)
Source of classification or shelving scheme Dewey Decimal Classification
Koha item type Books
Holdings
Withdrawn status Lost status Source of classification or shelving scheme Damaged status Not for loan Collection code Home library Current library Shelving location Date acquired Source of acquisition Total Checkouts Full call number Barcode Date last seen Copy number Price effective from Koha item type
    Dewey Decimal Classification Damaged Not For Loan Non-fiction Asiatic Society Library Asiatic Society Library General Stacks 09/16/2020 Complementary   297.4 CHS 101138 09/16/2020 C-1 09/16/2020 Books

Powered by Koha